[Event "Caribbean-ch (Women)"]
[Site "Carolina"]
[Date "2023.10.30"]
[Round "8"]
[White "Rivera Negron, Yanira"]
[Black "Karelina, Polina"]
[Result "1/2-1/2"]
[WhiteElo "1667"]
[BlackElo "1849"]
[PlyCount "99"]
[EventDate "2023.10.25"]
[EventType "swiss"]
[EventRounds "9"]
[EventCountry "PUR"]
[SourceTitle "CB48_2023"]
[SourceDate "2023.11.29"]
[SourceVersion "1"]
[SourceVersionDate "2023.11.29"]
[SourceQuality "1"]

1. d4 Nf6 2. Nf3 g6 3. Nc3 Bg7 4. e4 d6 5. Be3 0-0 6. Qd2 Ng4 7. Bg5 h6 8. Bh4 g5 9. Bg3 e5 10. dxe5 Nxe5 11. Nxe5 dxe5 12. Qxd8 Rxd8 13. Nd5 Rd7 14. Bc4 c6 15. Nb4 Rd4 16. b3 b5 17. c3 Rd6 18. Be2 Nd7 19. Rd1 Rxd1+ 20. Kxd1 Bb7 21. f3 Rd8 22. Kc2 Nf8 23. Rd1 Rxd1 24. Kxd1 Ne6 25. Nd3 f6 26. Bf2 a5 27. Bb6 a4 28. bxa4 bxa4 29. Nc5 Nxc5 30. Bxc5 Bf8 31. Bxf8 Kxf8 32. Kc2 Bc8 33. a3 Ke7 34. Bc4 Kd6 35. Kd3 Kc5 36. Ba2 h5 37. Ke3 Ba6 38. g3 Bc4 39. Bb1 Be6 40. Bd3 Kd6 41. f4 exf4+ 42. gxf4 Kc5 43. e5 gxf4+ 44. Kxf4 fxe5+ 45. Kxe5 Bc4 46. Bc2 Bb3 47. Bd3 Bd1 48. h4 Bg4 49. Bc2 Kb5 50. Ke4 1/2-1/2

[Event "Caribbean-ch (Women)"]
[Site "Carolina"]
[Date "2023.10.26"]
[Round "2"]
[White "Rivera Negron, Yanira"]
[Black "Shariff, Sasha Christina"]
[Result "1-0"]
[WhiteElo "1667"]
[BlackElo "1263"]
[PlyCount "71"]
[EventDate "2023.10.25"]
[EventType "swiss"]
[EventRounds "9"]
[EventCountry "PUR"]
[SourceTitle "CB48_2023"]
[SourceDate "2023.11.29"]
[SourceVersion "1"]
[SourceVersionDate "2023.11.29"]
[SourceQuality "1"]

1. d4 Nf6 2. Nf3 d5 3. Bf4 c5 4. c3 Qb6 5. Qb3 c4 6. Qxb6 axb6 7. Nbd2 Nc6 8. Ne5 b5 9. f3 Bf5 10. Nxc6 bxc6 11. a3 e6 12. Rc1 h6 13. g4 Bg6 14. h4 h5 15. g5 Nd7 16. e4 dxe4 17. fxe4 f6 18. Bh3 fxg5 19. Bxg5 Bf7 20. 0-0 Be7 21. Bxe7 Kxe7 22. Rce1 Rh6 23. Nf3 Rg6+ 24. Kh2 Rf6 25. Ng5 Rxf1 26. Rxf1 Nf6 27. e5 Ng4+ 28. Bxg4 hxg4 29. Rxf7+ Ke8 30. Rxg7 Kf8 31. Rc7 Ra6 32. Nxe6+ Ke8 33. h5 c5 34. Nxc5 Rh6 35. Kg3 Rxh5 36. Rb7 1-0

[Event "PUR-ch"]
[Site "San Juan"]
[Date "2023.08.27"]
[Round "5"]
[White "Rivera Negron, Yanira"]
[Black "Rodriguez Gonzalez, Angel G"]
[Result "0-1"]
[WhiteElo "1722"]
[BlackElo "1776"]
[PlyCount "60"]
[EventDate "2023.08.25"]
[EventType "swiss"]
[EventRounds "9"]
[EventCountry "PUR"]
[SourceTitle "EXT 2024"]
[Source "ChessBase"]
[SourceDate "2023.10.10"]
[SourceVersion "1"]
[SourceVersionDate "2023.10.10"]
[SourceQuality "1"]

1. d4 Nf6 2. Nf3 d5 3. c3 c5 4. e3 e6 5. Bd3 Nc6 6. Nbd2 cxd4 7. exd4 Bd6 8. 0-0 0-0 9. Re1 Qc7 10. Nf1 h6 11. h3 a5 12. Be3 Ne4 13. Bxe4 dxe4 14. N3d2 f5 15. Nc4 Be7 16. d5 exd5 17. Qxd5+ Kh8 18. Bb6 Qf4 19. Nxa5 Rf6 20. Nxc6 bxc6 21. Qd4 Rg6 22. Qe3 Qh4 23. f4 Bd6 24. Kh1 Bxf4 25. Qf2 Qg5 26. Be3 Bxe3 27. Rxe3 Ba6 28. Rg3 Qh4 29. Rf3 exf3 30. Qxh4 fxg2+ 0-1

[Event "Olympiad Women-44"]
[Site "Chennai"]
[Date "2022.08.06"]
[Round "8.2"]
[White "Petrenko, Svetlana"]
[Black "Rivera Negron, Yanira"]
[Result "1-0"]
[WhiteElo "2029"]
[BlackElo "1770"]
[PlyCount "99"]
[EventDate "2022.07.29"]
[EventType "team-swiss"]
[EventRounds "11"]
[EventCountry "IND"]
[SourceTitle "CBM 210"]
[Source "ChessBase"]
[SourceDate "2022.10.31"]
[SourceVersion "1"]
[SourceVersionDate "2022.10.31"]
[SourceQuality "1"]
[WhiteTeam "Moldova (W)"]
[BlackTeam "Puerto Rico (W)"]
[WhiteTeamCountry "MDA"]
[BlackTeamCountry "PUR"]

1. e4 e6 2. Qe2 c6 3. g3 d5 4. exd5 cxd5 5. d4 Nf6 6. Bg2 b6 7. Nc3 Ba6 8. Nb5 Qd7 9. a4 Nc6 10. Nf3 Ne4 11. 0-0 Be7 12. Nc7+ Qxc7 13. Qxa6 0-0 14. c3 Rfc8 15. Qe2 Rab8 16. Ne1 Nf6 17. b4 a5 18. b5 Nd8 19. Bb2 Nb7 20. Nd3 Nd7 21. Bxd5 exd5 22. Qxe7 Re8 23. Qg5 Qc4 24. Qd2 Nd6 25. f3 Re7 26. Ba3 Rbe8 27. Nf4 Ne4 28. fxe4 Rxe4 29. Bd6 h6 30. Qd3 Qxd3 31. Nxd3 Rc8 32. Ra3 Re3 33. Ne5 Nf6 34. Nc6 Rce8 35. Bf4 Re2 36. Ne5 Ne4 37. c4 f6 38. Nd7 dxc4 39. Nxb6 c3 40. Nd5 c2 41. Nc3 Nxc3 42. Rxc3 g5 43. Bc1 Rd8 44. b6 Rb8 45. Rc6 Re4 46. Bb2 f5 47. Rxf5 c1Q+ 48. Bxc1 Rxd4 49. Rxh6 Rxa4 50. Bb2 1-0

[Event "PUR-ch (Women)"]
[Site "Bayamon"]
[Date "2022.05.01"]
[Round "4"]
[White "Rivera Negron, Yanira"]
[Black "Vazquez Maccarini, Danitza"]
[Result "0-1"]
[WhiteElo "1773"]
[BlackElo "2067"]
[PlyCount "40"]
[EventDate "2022.04.29"]
[EventType "swiss"]
[EventRounds "5"]
[EventCountry "PUR"]
[SourceTitle "EXT 2023"]
[Source "ChessBase"]
[SourceDate "2022.10.05"]
[SourceVersion "1"]
[SourceVersionDate "2022.10.05"]
[SourceQuality "1"]

1. d4 Nf6 2. Nf3 e6 3. c3 c5 4. Bg5 Nc6 5. e3 Be7 6. Nbd2 cxd4 7. exd4 Nd5 8. Bxe7 Qxe7 9. Bc4 Nf4 10. 0-0 b6 11. Re1 Bb7 12. Nf1 Na5 13. Bb5 Nxg2 14. Kxg2 Qg5+ 15. Ng3 Qxb5 16. Rb1 Nc4 17. Qe2 0-0 18. Red1 f5 19. Kf1 Bxf3 20. Qxf3 Nd2+ 0-1

[Event "PUR-ch (Women)"]
[Site "Humacao"]
[Date "2016.05.15"]
[Round "10"]
[White "Vazquez Maccarini, Danitza"]
[Black "Rivera Negron, Yanira"]
[Result "1-0"]
[WhiteElo "2043"]
[BlackElo "1706"]
[PlyCount "77"]
[EventDate "2016.04.22"]
[EventType "tourn"]
[EventRounds "10"]
[EventCountry "PUR"]
[SourceTitle "EXT 2018"]
[Source "ChessBase"]
[SourceDate "2017.10.13"]
[SourceVersion "1"]
[SourceVersionDate "2017.10.13"]
[SourceQuality "1"]

1. e4 c6 2. d4 d5 3. Nc3 e6 4. Nf3 Nf6 5. exd5 exd5 6. Bd3 Bd6 7. 0-0 0-0 8. h3 h6 9. Ne2 Qc7 10. b3 b6 11. c4 dxc4 12. bxc4 Be6 13. Bb2 Nbd7 14. Rc1 Qb8 15. a4 Re8 16. Qc2 a6 17. Nc3 Nf8 18. Ne4 Nxe4 19. Bxe4 Bd7 20. Rb1 Ra7 21. c5 Bc7 22. d5 cxd5 23. Bxd5 Qd8 24. Qc3 Qf6 25. Qb3 Qg6 26. Nh4 Qh5 27. cxb6 Bxb6 28. Qxb6 Qxd5 29. Qxa7 Bxa4 30. Qd4 Qxd4 31. Bxd4 Re4 32. Nf3 Ne6 33. Bc3 Bb5 34. Rfe1 Rc4 35. Bd2 Rc2 36. Rec1 Ra2 37. Ra1 Rb2 38. Bc3 Rb3 39. Nd2 1-0

[Event "PUR-ch (Women)"]
[Site "Humacao"]
[Date "2016.04.24"]
[Round "4"]
[White "Pacheco, Hilzandryly"]
[Black "Rivera Negron, Yanira"]
[Result "0-1"]
[WhiteElo "1780"]
[BlackElo "1706"]
[PlyCount "126"]
[EventDate "2016.04.22"]
[EventType "tourn"]
[EventRounds "10"]
[EventCountry "PUR"]
[SourceTitle "EXT 2018"]
[Source "ChessBase"]
[SourceDate "2017.10.13"]
[SourceVersion "1"]
[SourceVersionDate "2017.10.13"]
[SourceQuality "1"]

1. d4 d5 2. c4 c6 3. Nc3 Nf6 4. Bf4 e6 5. Nf3 Bd6 6. Ne5 Bxe5 7. dxe5 Nh5 8. Be3 f5 9. exf6 Nxf6 10. cxd5 exd5 11. Qd4 0-0 12. h4 Nbd7 13. Bg5 Qb6 14. Qxb6 Nxb6 15. e3 Bf5 16. f3 h6 17. Bf4 Bh7 18. h5 d4 19. exd4 Nxh5 20. Be5 Nf6 21. Kd2 Rad8 22. Ke3 Rfe8 23. Kf2 Nfd7 24. Bc7 Rc8 25. Bxb6 Nxb6 26. Rd1 Rcd8 27. Be2 Kf8 28. Rh5 Bg6 29. Re5 Re7 30. f4 Nc8 31. g4 Red7 32. Ke3 Nd6 33. b3 b6 34. Bf3 Nf7 35. Re6 Re7 36. Rxe7 Kxe7 37. f5 Bh7 38. Bxc6 Rc8 39. Nd5+ Kd6 40. Bb7 Rb8 41. Nxb6 axb6 42. Bg2 Ng5 43. Rc1 Bg8 44. Rc6+ Ke7 45. Rg6 Bf7 46. Rc6 Kd7 47. Kf4 b5 48. Ra6 Kc7 49. Ra7+ Kd6 50. Ra6+ Ke7 51. Ke5 Rd8 52. Bc6 Be8 53. Ra7+ Kf8 54. Bxe8 Rxe8+ 55. Kd5 Rd8+ 56. Kc5 Ne4+ 57. Kxb5 Rxd4 58. a4 Nc3+ 59. Kc5 Rxg4 60. b4 Ne4+ 61. Kc6 Nc3 62. Kc5 Rf4 63. a5 Rxf5+ 0-1